000 01552nam a22003377a 4500
003 MX-MxINE
005 20260601171012.0
008 260420b2009\\\\spaa||||\||||\00|\0\spa\d
020 _a9786077710028 (v. 1)
040 _aICI
_bspa
_cICI
050 _aQE203.Q7
_bV35
100 _eautor
245 0 _aEl Valle de Querétaro y su geoentorno /
_cAlejandra Cortés Silva, Jorge A. Arzate Flores, Alejandro A. Lozano Guzmán, editores ; Instituto de Geofisica, UNAM, Centro de Geociencias, UNAM, CONCYTEQ
264 _aSantiago de Querétaro, Qro. :
_bConsejo de Ciencia y Tecnología del Estado de Querétaro,
_c2009
300 _avolúmenes :
_bilustraciones
336 _2rdacontent
_atexto
337 _2rdamedia
_asin medio
338 _2rdacarrier
_avolumen
490 0 _aEl Agua en Querétaro ;
_vt. 1
500 _aCoedición con: UNAM : Universidad Autónoma de Querétaro, Instituto Politécnico Nacional y el Centro Queretano de Recursos Naturales
650 _aGeología
_zQuerétaro
_933237
650 _aGeofísica
_zQuerétaro
_933238
650 _aHidrología
_zQuerétaro
_933239
700 1 _aCortés Silva, Alejandra,
_eeditor
_933240
700 1 _aArzate Flores, Jorge A.,
_eeditor
_933241
700 1 _aLozano Guzman, Alejandro A.,
_eeditor
_933242
710 2 _aUniversidad Nacional Autónoma de México.
_bInstituto de Geofísica
_933243
710 2 _aUniversidad Nacional Autónoma de México.
_bCentro de Geociencias
_933244
710 2 _aConsejo de Ciencia y Tecnología del Estado de Querétaro
_933245
942 _2lcc
_n0
_cB
999 _c20533
_d20533